Travel agency and ticketing (Record no. 153592)

MARC details
000 -LEADER
fixed length control field 00360nam a2200145Ia 4500
008 - FIXED-LENGTH DATA ELEMENTS--GENERAL INFORMATION
fixed length control field 230917s9999||||xx |||||||||||||| ||und||
040 ## - CATALOGING SOURCE
-- 169100
Original cataloging agency VIVEKANANDA LIBRARY
041 ## - Language
-- English
082 ## - DDC NUMBER
Classification number 338.4791 G181T
100 ## - MAIN ENTRY--PERSONAL NAME
Personal name Garg, Deepa
245 #0 - TITLE STATEMENT
Title Travel agency and ticketing
260 ## - PUBLICATION, DISTRIBUTION, ETC. (IMPRINT)
Place of publication, distribution, etc New Delhi
Name of publisher, distributor, etc Mohit publications
Date of publication, distribution, etc 2009
300 ## - PHYSICAL DESCRIPTION
Pages 296 p.
942 ## - ADDED ENTRY ELEMENTS (KOHA)
Koha item type Books
Holdings
Withdrawn status Lost status Damaged status Not for loan Location (home branch) Sublocation or collection (holding branch) Shelving location Date acquired Koha issues (times borrowed) Koha full call number Accession No. Koha date last seen Koha item type
        VIVEKANANDA LIBRARY VIVEKANANDA LIBRARY IHTM Library 24/11/2010   338.4791 G181T 278837 17/09/2023 Books
© Designed and Maintained by Vivekananda Library, MDU Rohtak